000 01420cam a2200313 a 4500
001 2950477
003 ARRUPE
005 20211026094838.0
008 900614s1989 enka b 001 0 eng
010 _a 90166017
020 _a0520039173 (University of California Press)
040 _aDLC
_cDLC
_dDLC
043 _af------
050 0 0 _aDT20
_b.G45 1981 vol. 6
_aDT28
082 0 0 _a960/.23
_220
245 0 0 _aAfrica in the nineteenth century until the 1880s /
_ceditor, J.F. Ade Ajayi.
260 _aJordin Hill, Oxford :
_bHeinemann ;
_aBerkeley, Calif., U.S.A. :
_bUniversity of California Press ;
_aParis :
_bUnesco,
_c1989.
300 _axxxi, 861 p. :
_bill. ;
_c25 cm.
440 0 _aGeneral history of Africa ;
_v6
_950604
500 _aAt head of title: UNESCO International Scientific Committee for the drafting of a General History of Africa.
504 _aIncludes bibliographical references (p. 797-831) and index.
651 0 _aAfrica
_xHistory
_y19th century.
_96127
700 1 _aAjayi, J. F. Ade.
_93821
710 2 _aUnesco.
_bInternational Scientific Committee for the Drafting of a General History of Africa.
_950605
856 4 2 _3Publisher description
_uhttp://www.loc.gov/catdir/description/ucal041/90166017.html
906 _a7
_bcbc
_corignew
_d3
_encip
_f19
_gy-gencatlg
942 _2lcc
_cMONOGRAPH
999 _c130947
_d130947